| 000 | 00498nam a2200181 a 4500 | ||
|---|---|---|---|
| 005 | 20140310183504.0 | ||
| 008 | 100816s19uu xx 00 eng d | ||
| 020 | _a9780199549634 | ||
| 050 |
_aQR 46 _b.M473 2010 |
||
| 245 |
_aMedical microbiology / _cedited by Michael Ford. |
||
| 260 |
_aNew York : _bOxford University Press, _c2010. |
||
| 300 |
_a365 p. : _c25 cm. |
||
| 521 | _aNUR | ||
| 650 | _aMicrobiolgy. | ||
| 650 | _aMedical Microbiology. | ||
| 942 |
_cBK _2lcc _kFOR |
||
| 999 |
_c23988 _d23988 |
||